000 00967nam0a22002651 4500
001 v19\rc\1966351
005 20251118180916.1
035 _a(NLR Aleph) 005035166
090 _a6733359
_c6733359
100 _a20080428d1913 u y0rusy50 ca
101 0 _arus
102 _aRU
105 _ay z |||||
200 1 _aЛетняя экскурсия на Кавказ
_aКраткий итог шести летних экскурсий [учеников Нижегородского коммерческого училища]
_fА. Костромин
210 _a[Нижний Новгород
_d1913]
215 _a[5] с.
_d25
300 _aАвт. указан в конце текста
700 1 _aКостромин
_bА.А.
_gАлександр Алексеевич
801 0 _aRU
_bNLR
_gpsbo
801 0 _aRU
_bRuMoRGB
_2psbo
801 1 _aRU
_bProSoft-M
_2rusmarc
852 _aNLR
_j37.53.6.501
899 _aRuMoRGB
_jV 16/1044
942 _cBOOK
980 _aNB